| 000 | 00411nam a22001697a 4500 | ||
|---|---|---|---|
| 003 | NUST - PNEC | ||
| 005 | 20170116181008.0 | ||
| 008 | 150912b xxu||||| |||| 00| 0 eng d | ||
| 020 | _a0879422300 | ||
| 040 | _cLIBRARY | ||
| 082 | _a004.16 GUP | ||
| 100 |
_99935 _aGupta, Amar |
||
| 245 |
_aMulti-microprocessors _cAmar Gupta |
||
| 260 | _cc.1987 | ||
| 650 |
_99940 _aMicroprocessors _xMIS |
||
| 942 |
_2ddc _cBK |
||
| 999 |
_c66960 _d66960 |
||